000 00552nam a22001691a 4500
001 5790
003 OSt
005 20260204212028.0
008 060210s1996||||dr ||||||b||||||||||spa||
050 _aRD 351.820424 R299l
110 _aRepública Dominicana
245 _aLey No.13 sobre control de precios de artículo de primera necesidad y ley que modifican y completan
264 _aSanto Domingo: Congreso Nacional
300 _a40 p
650 _a1.Control de Precio - República Dominicana 2.Ley No. 13 sobre Control de PrecioÌ
942 _2ddc
_cBK
999 _c5790
_d5790